Szczegóły MARC21

Jak nauczyć się asertywności : nie mów "Tak", gdy chcesz powiedzieć "Nie" /

003 -Nazwa inst., której nr kontr. jest w polu 001 [,]
    • @
    • Nazwa instytucji, której n kontrolny jest w polu 001
    • NUKAT
005 -DATA I CZAS OSTATNIEJ MODYFIKACJI [,]
    • @
    • pole kontrolne
    • 20241231093105.0
020 -Międzynarod. znormalizowany nr książki - ISBN [ , ]
    • a
    • Numer ISBN
    • 8305130819 Find
040 -Instytucja sporządzająca opis [ , ]
    • a
    • Instytucja, która sporządziła opis (NP)
    • LUBL U/AG
    • c
    • Instytucja, która sporządziła rekord (NP)
    • LUBL U/AG
    • d
    • Instytucja, która zmodyfikowała rekord (P)
    • LUBL U/AG
041 -Język dokumentu [1, ]
    • a
    • Język tekstu (P)
    • polski
    • h
    • Język tekstu oryginalnego i/lub pośredniego (P)
    • angielski
942 -Rodzaj dokumentu [ , ]
    • c
    • Rodzaj dokumentu
    • Książka
100 -Hasło główne - nazwa osobowa [1, ]
    • a
    • Nazwa osobowa (NP)
    • Fensterheim, Herbert
    • d
    • Daty biograficzne (NP)
    • (1921-2011).
    • 9
    • KHW
    • 714517
240 -Tytuł ujednolicony [1,0]
    • a
    • Tytuł ujednolicony
    • Don't say "Yes" when you want to say "No"
    • l
    • Język tekstu
    • (pol.)
    • 9
    • KHW
    • 714519
245 -Strefa tytułu i oznaczenia odpowiedzialności [1,0]
    • a
    • Tytuł
    • Jak nauczyć się asertywności : Find
    • b
    • Ciąg dalszy tytułu (NP)
    • nie mów "Tak", gdy chcesz powiedzieć "Nie" / Find
    • c
    • Pozostałe elementy strefy tytułu i oznaczenia odpowiedzialności (NP)
    • Herbert Fensterheim, Jean Baer ; z ang. przeł. Adriana Bosak.
246 -Wariant tytułu [1,4]
    • a
    • Tytuł (NP)
    • Nie mów "Tak", gdy chcesz powiedzieć "Nie"
260 -Strefa adresu wydawniczego [ , ]
    • a
    • Miejsce wydania (P)
    • Warszawa :
    • b
    • Nazwa wydawcy (P)
    • "Książka i Wiedza",
    • c
    • Data wydania (P)
    • cop. 1999.
300 -Strefa opisu fizycznego [ , ]
    • a
    • Określenie formy książki i/lub objętość (NP)
    • 283, [1] s. ;
    • c
    • Format (NP)
    • 21 cm.
336 -Typ zawartości [ , ]
    • a
    • Termin opisujący typ zawartości
    • Tekst
    • b
    • Kod określający zawartość
    • txt
    • 2
    • Źródło (terminu i kodu)
    • rdacontent
337 -Typ mediów [ , ]
    • a
    • Tryb odtwarzania
    • Bez urządzenia pośredniczącego
    • b
    • Kod typu mediów
    • n
    • 2
    • Źródło (terminu i kodu)
    • rdamedia
338 -Typ/rodzaj nośnika [ , ]
    • a
    • Hasło opisujące typ nośnika
    • Wolumin
    • b
    • Kod typu nośnika
    • nc
    • 2
    • Źródło (terminu i kodu)
    • rdacarrier
500 -Uwaga ogólna [ , ]
    • a
    • Uwaga ogólna (NP)
    • Tyt. okł., grzb. i ze s. przedtyt.: Nie mów "Tak", gdy chcesz powiedzieć "Nie".
510 -Uwaga dot. cytaty bibliograficznej [4, ]
    • a
    • Nazwa źródła
    • PB'1999,
    • c
    • Umiejscowienie w źródle
    • 16057.
080 -Uniwersalna Klasyfikacja Dziesiętna [ , ]
    • a
    • Symbol klasyfikacji
    • 159.942
    • 9
    • UKD
    • 2437
    • 2
    • Identyfikator wydania tablic
    • UDC-P058
    • b
    • Dopowiedzenie
    • Emocje. Uczucia. Nastroje. Nastrój obniżony (depresja), nastrój wzmożony (euforia, ekstaza, mania), labilność.
080 -Uniwersalna Klasyfikacja Dziesiętna [ , ]
    • a
    • Symbol klasyfikacji
    • :316.47
080 -Uniwersalna Klasyfikacja Dziesiętna [ , ]
    • a
    • Symbol klasyfikacji
    • :37.041
650 -Hasło przedmiotowe [ ,7]
    • a
    • Hasło przedmiotowe
    • Asertywność
    • v
    • Określnik formalny
    • poradniki.
    • 2
    • Źródło terminu
    • kaba
    • 9
    • KHW
    • 359612
650 -Hasło przedmiotowe [ ,7]
    • a
    • Hasło przedmiotowe
    • Psychoterapia
    • v
    • Określnik formalny
    • poradniki.
    • 2
    • Źródło terminu
    • kaba
    • 9
    • KHW
    • 359156
980 -Symbol UKD [ , ]
    • a
    • UKD
    • 159.942:316.47:37.041
700 -Hasło dodatkowe - nazwa osobowa [1, ]
    • a
    • Nazwa osobowa (NP)
    • Baer, Jean L. Find
    • d
    • Daty biograficzne (NP)
    • (1926- ).
    • 9
    • KHW
    • 714515
700 -Hasło dodatkowe - nazwa osobowa [1, ]
    • a
    • Nazwa osobowa (NP)
    • Bosak, Adriana. Find
    • e
    • Określenie rodzaju współpracy
    • Tł.
    • 9
    • KHW
    • 714516
710 -Hasło dodatkowe - nazwa ciała zbiorowego [2, ]
    • a
    • Nazwa ciała zbiorowego lub nazwa geograficzna jako pierwszy element (NP)
    • Spółdzielnia Wydawniczo-Handlowa "Książka i Wiedza".
    • 4
    • Kod relacji
    • pbl
    • 9
    • KHW
    • 52004
920 -ISBN [ , ]
    • a
    • ISBN
    • 83-05-13081-9 Find
Lokalizacja Data inwentaryzacji Status udost. Numer inwentarzowy
BG2002-09-231Pd.14979